• 首页
  • 本馆介绍
  • 公告通知
  • 最新文献
  • 馆藏检索
  • 电子资源
  • 读者导购
  • 参考咨询
  • 我的图书馆
  • 登录
  • 详细信息显示
  • 放入我的书架
  • 预约/预借图书
  • 作者相关作品
  • 分类相关作品
  • 丛书相关作品
  • 出版社相关作品

书目信息

  • 表格格式
  • 工作单格式
  • 卡片格式
题名:
爱因斯坦的人生方程
    
 
作者: 简孙 编著
分册:  
出版信息: 北京   东方出版社  2008
页数: 288页
开本: 23cm
丛书名: “飞扬与落寞”系列
单 册:
中图分类: K837.126.11
科图分类:
主题词:
电子资源:
ISBN: 978-7-5060-3074-8
000 00979oam2 2200265 45
001 1050749062
005 20100420091919.57
010    @a978-7-5060-3074-8@dCNY38.00
100    @a20100408d2008 ekmy0chiy0120 ea
101 0  @achi
102    @aCN@b110000
105    @aa z 000yb
106    @ar
200 1  @a爱因斯坦的人生方程@AAi Yin Si Tan De Ren Sheng Fang Cheng@f(美)简孙编著@F( Mei ) Jian Sun Bian Zhu
210    @a北京@c东方出版社@d2008
215    @a288页@c图@d23cm
225 2  @a“飞扬与落寞”系列
330    @a本书通过“德国早期生活掠影”、“科学巨人从这里腾飞”、“他让世界再次震撼”、“踏着荆棘行走异乡”、“科学的魅力与遗憾”等八部分,叙述了克林顿的真实生活。
461  0 @12001 @a“飞扬与落寞”系列
600  1 @a爱因斯坦@g(Einstein, Albert@f1879~1955)@x传记
600  1 @a爱因斯坦@g(Einstein, Albert@f1879~1955)
690    @aK837.126.11@v4
701  0 @a简孙@AJian Sun@4编著
801  0 @aCN@bTANGWEI@c20100420
905    @b0590172-75@dK837.126.11@e211JS@f4
    
    爱因斯坦的人生方程/(美)简孙编著.-北京:东方出版社,2008
    288页:图;23cm.-(“飞扬与落寞”系列)
    
    
    ISBN 978-7-5060-3074-8:CNY38.00
    本书通过“德国早期生活掠影”、“科学巨人从这里腾飞”、“他让世界再次震撼”、“踏着荆棘行走异乡”、“科学的魅力与遗憾”等八部分,叙述了克林顿的真实生活。
●
相关链接 在E读中查询图书 在五车中查询图书 在当当中查询图书 在豆瓣中查询图书


正题名:爱因斯坦的人生方程     索取号:K837.126.11/211JS         预约/预借

序号 登录号 条形码 馆藏地/架位号 状态 备注
1 0590172   205901728   第二样本阅览室/ [索取号:K837.126.11/211JS] 在馆    
2 0590173   205901737   第二借阅区/ [索取号:K837.126.11/211JS] 在馆    
3 0590174   205901746   第二借阅区/ [索取号:K837.126.11/211JS] 在馆    
4 0590175   205901755   第二借阅区/ [索取号:K837.126.11/211JS] 在馆    
唐山师范学院图书馆 欢迎您!
大连网信软件有限公司© 版权所有